000 00370 a2200109 4500
020 _a9789359621319
100 _aNandini Menon
245 _aBhutan : visudha bhranthante vazhi thaarakal (ഭൂട്ടാൻ : വിശുദ്ധ ഭ്രാന്തിൻറെ വഴിത്താരകൾ)
250 _a2nd
260 _bMathrubhumi books
_c2025
942 _cOO
999 _c115738
_d115737